La gestión del diseño / (Record no. 177695)

MARC details
000 -LEADER
campo de control de longitud fija 00842nam a2200265 i 4500
001 - NÚMERO DE CONTROL
campo de control 177695
003 - IDENTIFICADOR DE NÚMERO DE CONTROL
campo de control ES-MaACL
005 - FECHA Y HORA DE LA ÚLTIMA TRANSACCIÓN
campo de control 20250927164452.0
008 - DATOS DE LONGITUD FIJA--INFORMACIÓN GENERAL
campo de control de longitud fija 110412s1989 sp ao ||||1| spa d
020 ## - NÚMERO INTERNACIONAL ESTÁNDAR DEL LIBRO
Número Internacional Estándar del Libro 84-86805-07-4
080 ## - NÚMERO DE LA CLASIFICACIÓN DECIMAL UNIVERSAL
Número de la Clasificación Decimal Universal 658.512.2
100 1# - ENTRADA PRINCIPAL--NOMBRE DE PERSONA
Nombre de persona Pibernat i Domènech, Oriol.
9 (RLIN) 146153
245 13 - MENCIÓN DEL TÍTULO
Título La gestión del diseño /
Mención de responsabilidad, etc. Oriol Pibernat y Norberto Chaves.
250 ## - MENCION DE EDICION
Mención de edición 1ª imp.
260 ## - PUBLICACIÓN, DISTRIBUCIÓN, ETC.
Lugar de publicación, distribución, etc. Madrid :
Nombre del editor, distribuidor, etc. Instituto de la Pequeña y Mediana Empresa Industrial,
Fecha de publicación, distribución, etc. 1989.
300 ## - DESCRIPCIÓN FÍSICA
Extensión 76 p. :
Otras características físicas il. col. ;
Dimensiones 21 cm.
490 1# - MENCIÓN DE SERIE
Mención de serie Manuales IMPI ;
Designación de volumen o secuencia 23
500 ## - NOTA GENERAL
Nota general Índice.
504 ## - NOTA DE BIBLIOGRAFÍA, ETC.
Nota de bibliografía, etc. Bibliografía: p. 76.
650 #4 - PUNTO DE ACCESO ADICIONAL DE MATERIA--TÉRMINO DE MATERIA
Término de materia o nombre geográfico como elemento de entrada Diseño industrial.
9 (RLIN) 11945
700 1# - ENTRADA AGREGADA--NOMBRE PERSONAL
Nombre de persona Chaves, Norberto,
Fechas asociadas al nombre 1942-
9 (RLIN) 146154
830 0# - PUNTO DE ACCESO ADICIONAL DE SERIE-TÍTULO UNIFORME
Título uniforme Manuales IMPI ;
Designación de volumen o secuencia 23
9 (RLIN) 190542
852 ## - LOCALIZACIÓN
Ubicación ES-MaACL
Número de control de estantería E-14889
Encuadernación Olim P-518
Holdings
Estatus retirado Estado de pérdida Estado de daño No para préstamo Biblioteca de origen Biblioteca actual Ubicación en estantería Fecha de adquisición Fuente de adquisición Total de préstamos Signatura topográfica completa Código de barras Visto por última vez Precio de reemplazo Tipo de ítem Koha
        Biblioteca del Ateneo de Madrid Biblioteca del Ateneo de Madrid Depósito 2 12/04/2011     E-14889 1186646 23/02/2023 23/02/2023 Libro impreso